000 00306nam a22001217a 4500
003 SGT
082 _a364
_bY23T
100 _aDHILLON YOGENDER
245 _aTHE ROLE OF INVESTIGATING AGENCIES IN JUSTICE DELIVERY SYSTEM IN INDIA
_bAN CRITICAL STUDY
300 _a146
650 _aPHD(LAW)
942 _2ddc
_cTH
999 _c32453
_d32453